000 00781cam a2200217 4500
001 WB3732-34
008 010829n2001 000 0 eng u
035 _a(Sirsi) u114368
245 _aFirms hit by insurance hike
260 _c2001
490 _aConstruction News
_v(6730) 23 August 2001, 1(1)
520 _aDue to the construction industry's poor safety record, insurers are significantly increasing employers' liability premiums. In most instances, the cost to contractors of insuring construction workers against injuries is set to double.
590 _aWB
650 _aCONSTRUCTION SECTOR
650 _aINJURIES
650 _aACCIDENTS
650 _aCONSTRUCTION WORKERS
650 _aEMPLOYERS LIABILITY INSURANCE
690 _aInsurance
_96249
942 _n0
999 _c68109
_d68109